01658cam a2200349 i 4500001001100000003000700011005001700018008004100035020004700076040003800123041001300161042000900174090001300183100004000196240003100236245011100267246003800378250001400416260004600430300003000476490004000506500006700546600004100613650003100654650002500685700002800710700001600738830002500754942001400779999001500793952050000808.b2947470xYEEZEN20250617151907.0250217s2024 ch a e 000 0dchi d a9786264170789q(平裝) :c新臺幣420元 aTCPLbchicTCPLdTCPLdTWFJUeccr1 achiheng anbic a415.93411 a裘哈爾c(Jauhar, Sandeep, 1968-)10aMy father's brain.l中文10a父親的腦 :b阿茲海默症陰影下的生活 /c桑狄普.裘哈爾(Sandeep Jauhar)著 ; 涂瑋瑛譯3 a阿茲海默症陰影下的生活 a第一版 a臺北市 :b遠見天下文化,c2024.12 a303面 :b圖 ;c21公分1 a健康生活 =aGood Health ;v213. a譯自: My father's brain : life in the shadow of Alzheimer's.17a裘哈爾c(Jauhar, Prem P.)2lcstt. 7a阿茲海默氏症2lcstt. 7a通俗作品2lcstt.1 aJauhar, Sandeep,d1968-1 a涂, 瑋瑛 0a健康生活 ;v213. 2cclcBOOK c7639d7639 00102ccl4070ayeezenbyeezencYEEZENd2025-06-17l3m2o415.9341pC03225r2025-10-16 00:00:00s2025-10-15w2025-06-17yBOOKz裘哈爾的母親也罹患帕金森氏症;阿茲海默症消蝕了父親的心智,帕金森氏症則是摧殘了母親的肉體。裘哈爾與兄妹三人,成為雙親的居家照顧者。裘哈爾描寫了自己從醫師、轉變為病人家屬的心路歷程,也探討照顧者該如何在自己的職涯、家庭、手足、財務等方面,求取平衡之道。